| 000 | 00410nam a22001697a 4500 | ||
|---|---|---|---|
| 005 | 20200520112757.0 | ||
| 008 | 200520b xxu||||| |||| 00| 0 eng d | ||
| 020 | _a8174732861 | ||
| 041 | _aeng | ||
| 082 | _a615.3 WHO | ||
| 100 |
_aWHO _95187 |
||
| 245 | _aWHO Monographs on Selected Medicinal Plant I | ||
| 260 |
_aDelhi _bAITBS PUBLISHERS |
||
| 300 | _a289 , v | ||
| 650 |
_aPharmacy _95577 |
||
| 942 | _cBK | ||
| 999 |
_c6310 _d6308 |
||